[Event "Sofia MGU rapid 7th"]
[Site "Sofia"]
[Date "2018.03.25"]
[Round "7"]
[White "Nikolic, Boban"]
[Black "Ferdov, Stavri"]
[Result "1-0"]
[WhiteElo "2220"]
[BlackElo "1740"]
[PlyCount "61"]
[EventDate "2018.03.25"]
[EventType "swiss (rapid)"]
[EventRounds "8"]
[EventCountry "BUL"]
[SourceTitle "CBM 183 Extra"]
[Source "ChessBase"]
[SourceDate "2018.04.19"]
[SourceVersion "1"]
[SourceVersionDate "2018.04.19"]
[SourceQuality "1"]

1. Nf3 c6 2. c4 d5 3. g3 Nf6 4. Bg2 g6 5. b3 Bg7 6. Bb2 dxc4 7. bxc4 Qb6 8. Qb3 Qxb3 9. axb3 0-0 10. d3 Na6 11. Nbd2 Be6 12. 0-0 Rad8 13. b4 Ra8 14. b5 cxb5 15. cxb5 Nc7 16. Nd4 Bc8 17. Rfc1 Ncd5 18. Nc4 Rd8 19. Ra4 Bd7 20. Rca1 a6 21. Ra5 b6 22. Rxa6 Rxa6 23. bxa6 b5 24. a7 Nc7 25. Nb6 e5 26. Nc6 Bxc6 27. Bxc6 Rd6 28. a8Q+ Nxa8 29. Rxa8+ Bf8 30. Rxf8+ Kxf8 31. Ba3 1-0

[Event "Sofia MGU rapid 6th"]
[Site "Sofia"]
[Date "2017.12.09"]
[Round "2"]
[White "Ferdov, Stavri"]
[Black "Babatov, Martin"]
[Result "1-0"]
[WhiteElo "1740"]
[BlackElo "1619"]
[PlyCount "113"]
[EventDate "2017.12.09"]
[EventType "swiss (rapid)"]
[EventRounds "6"]
[EventCountry "BUL"]
[SourceTitle "CBM 182 Extra"]
[Source "ChessBase"]
[SourceDate "2018.02.23"]
[SourceVersion "1"]
[SourceVersionDate "2018.02.23"]
[SourceQuality "1"]

1. c4 c6 2. d4 d5 3. Nc3 Nf6 4. Nf3 e6 5. c5 b6 6. b4 a5 7. Ba3 axb4 8. Bxb4 bxc5 9. Bxc5 Bxc5 10. dxc5 Qa5 11. Qd2 Nbd7 12. e3 Nxc5 13. Rc1 Ba6 14. Bxa6 Rxa6 15. 0-0 0-0 16. Qd4 Nce4 17. Nxe4 Nxe4 18. Rc2 c5 19. Qa1 Rb8 20. Ne5 c4 21. f3 Nc5 22. Qd4 Rab6 23. Qf4 Qa7 24. h4 Qc7 25. Qd4 Rb1 26. Rcc1 Rxc1 27. Rxc1 Qd6 28. f4 Qc7 29. Kh2 f6 30. Nf3 Nd3 31. Qxd3 cxd3 32. Rxc7 Rb2 33. Rc1 Rxa2 34. Rd1 Ra3 35. Kg3 Kf7 36. Kf2 Kg6 37. g4 h5 38. gxh5+ Kxh5 39. Ne1 Ra2+ 40. Kf3 Kxh4 41. Nxd3 Rh2 42. Nc5 Rh3+ 43. Ke2 e5 44. fxe5 fxe5 45. Rxd5 Kg4 46. Rxe5 Rh2+ 47. Kd3 Kh4 48. Re7 Rg2 49. Ne6 g5 50. Rh7+ Kg4 51. Nxg5 Rg3 52. Ne4 Rf3 53. Rg7+ Kh4 54. Nd2 Rf8 55. e4 Kh5 56. e5 Kh6 57. Rg3 1-0